| 000 | 01897nam0a2200349 4500 | ||
|---|---|---|---|
| 001 | RU\NLR\bibl\609333 | ||
| 005 | 20260406151716.0 | ||
| 010 |
_a5-94962-063-1 _bв обл. _92000 |
||
| 021 |
_aRU _b2004-40473 _92009 |
||
| 035 | _aRSL-KNO-002450850 | ||
| 035 | _a(NLR Aleph) 000601236 | ||
| 090 |
_a1772446 _c1772446 |
||
| 100 | _a20040712d2004 |||y0rusy50 ca | ||
| 101 | 0 |
_arus _aeng |
|
| 102 | _aRU | ||
| 105 | _ay ||||||||| | ||
| 106 | _ar | ||
| 200 | 1 |
_aFlash Cards _eтемат. словосочетания и идиомы _e[948 разрезн. карточек] _f[Т.Ю. Дроздова и др.] _gпод ред. Т.Ю. Дроздовой |
|
| 210 |
_aСПб. _cАнтология _d2004 _eГПП Печ. Двор |
||
| 215 |
_a[160] с. _d29 |
||
| 225 | 1 | _aEveryday English | |
| 606 | 0 |
_aАнглийский язык _jУчебные издания для высших учебных заведений _xСловосочетание _9974919 _3RU\NLR\auth\6647392 |
|
| 610 | 0 | _aФилологические науки. Художественная литература -- Языкознание -- Индоевропейские языки -- Германские языки -- Западногерманские языки -- Английский язык -- Преподавание и методика изучения языка -- Учебники и учебные пособия по отдельным аспектам языка -- Учебники и пособия по лексике и развитию речи | |
| 686 |
_aШ143.21-933 _2rubbk |
||
| 686 | _aШ143.21-93рус 3-221 | ||
| 701 | 1 |
_4220 _8rus _7ca _aДроздова _bТ. Ю. _gТатьяна Юрьевна _3RU\NLR\auth\775458 _9115422 |
|
| 801 | 0 |
_aRU _bRuMoRKP _c20040712 _grcr |
|
| 801 | 1 |
_aRU _bRuMoRGB _c20040712 |
|
| 801 | 2 |
_aRU _bNLR _c20050211 _gPSBO |
|
| 942 | _cBOOK | ||
| 980 | _aNB | ||